| 000 -ლიდერი |
| ფიქსირებული სიგრძის საკონტროლო ველი |
01120nam a2200229Ia 4500 |
| 001 - საკონტროლო ნომერი |
| საკონტროლო ველი |
19530 |
| 003 - საკონტროლო ნომრის იდენტიფიკატორი |
| საკონტროლო ველი |
GE_BSU |
| 005 - ბოლო ოპერაციის თარიღი და დრო |
| საკონტროლო ველი |
20200224110756.0 |
| 008 - ფიქსირებული სიგრძის მონაცემთა ელემენტები - ზოგადი ინფორმაცია |
| ფიქსირებული სიგრძის საკონტროლო ველი |
181216s1963||||ge |||||||||||||| ||geo|| |
| 040 ## - კატალოგიზაციის წყარო |
| Transcribing agency |
GE_BSU |
| 041 ## - ენის კოდი |
| Language code of text/sound track or separate title |
geo |
| 080 ## - უნივერსალური ათობითი კლასიფიკაციის ინდექსი |
| Universal Decimal Classification number |
811.353.1'36(075.3) ბ-17 |
| 100 ## - მთავარი ჩანაწერი - პიროვნების სახელი |
| Personal name |
ბათიაშვილი, ბ. |
| 9 (RLIN) |
7364 |
| 245 ## - ცნობა სათაურის შესახებ |
| Title |
ქართული ენის გრამატიკის სასკოლო სახელმძღვანელოთა (1921-1961 წწ.) აგების ძირითადი პრინციპები / |
| Statement of responsibility, etc |
ბ. ბათიაშვილი ; რედ. მ. ჩინჩალაძე. |
| 264 ## - წარმოების, გამოცემის, დისტრიბუციის და სხვა ცნობები |
| გამოცემის, წარმოების, დისტრიბუციის... ადგილი |
თბილისი : |
| გამოცემის, წარმოების, დისტრიბუციის... სახელწოდება |
ცოდნა, |
| გამოცემის, წარმოების, დისტრიბუციის... თარიღი |
1963 |
| 300 ## - ფიზიკური აღწერა |
| Extent |
146 გვ. : |
| Other physical details |
ცხრილ. ; |
| Dimensions |
20 სმ. |
| 653 ## - INDEX TERM--UNCONTROLLED |
| Uncontrolled term |
ქართული ენა |
| 653 ## - INDEX TERM--UNCONTROLLED |
| Uncontrolled term |
ქართული ენის გრამატიკის სასკოლო სახელმძღვანელოები |
| 700 ## - ADDED ENTRY--PERSONAL NAME |
| Personal name |
ჩინჩალაძე, მ. |
| Relator term |
რედაქტორი |
| 9 (RLIN) |
7311 |
| 942 ## - ADDED ENTRY ELEMENTS (KOHA) |
| Koha item type |
წიგნი |
| Source of classification or shelving scheme |
|